| 000 | 00359 a2200157 4500 | ||
|---|---|---|---|
| 001 | 47766 | ||
| 020 | _a9788574067963 | ||
| 040 | _cAnchieta - Aquarius | ||
| 100 | _aQulici, Cassiano Sydow | ||
| 240 | 1 | 0 |
_aAs velhas fiandeiras _lpor |
| 245 | 1 | 0 | _aAs velhas fiandeiras |
| 300 | _a71 | ||
| 362 | 0 | _a2017 | |
| 650 | 4 | _aLiteratura infanto-juvenil | |
| 942 | _cBK | ||
| 999 |
_c47766 _d47766 |
||